000 00521nam a2200169Ia 4500
005 20250508155348.0
008 008 250505s9999 xx 000 0 hin d
037 _aBooks to be hide in OPAC
040 _aFEDL
_beng
_cFEDL
041 _ahin
_2eng
084 _a491.438 022 1, MAD/O
_qFEDL
245 0 _aHindi angreji anuvadmala. Part 3
260 _aMadars, India
_bDakshini Bharat Hindi Prachar Sabha
_c1954
300 _a88p.
942 _cHB
_h491.438 022 1, MAD/O
999 _c1356292
_d1356292